000 00388pam a2200145 a 4500
020 _a978-81-239-1392-3
_c
041 _h
082 _a617.6
_bRAD
100 _aRadhakrishnan,
_eA.N.,
245 _aQuestions and Answers Exam-oriented Periodontics
_hTextual Documents
250 _a1st.
260 _aDelhi
_bCBS Publishers & Distributors
_c2007
300 _a166:
_c24*19.
930 _a2461
999 _c41849
_d41849